European cases in strategic management /

Salvato in:
Dettagli Bibliografici
Altri autori: Hendry, John (Compilatore)
Natura: Libro
Lingua:inglese
Pubblicazione: London : Chapman and Hall, 1993
Edizione:1.vyd.
Soggetti:
Tags: Aggiungi Tag
Nessun Tag, puoi essere il primo ad aggiungerne!!

MARC

LEADER 00000nam a22000003a 4500
001 stu7929
005 20150617225807.4
008 950601s1993----uk------------------eng-d
020 |a 0-412-55910-2 
040 |a STU  |b slo 
041 0 |a eng 
044 |a uk 
080 |a 65.012.2 
080 |a 658.1(078.1) 
084 |a C0300  |2 INS 
100 1 |a Hendry, John  |4 com 
245 1 |a European cases in strategic management /  |c Edit. Hendry,John 
250 |a 1.vyd. 
260 |a London :  |b Chapman and Hall,  |c 1993 
300 |a 431 s 
650 7 |a riadenie podniku  |2 stusub 
650 7 |a strategické riadenie  |2 stusub 
650 7 |a manažment  |2 stusub 
996 |b E79933  |c R*79933  |l RRUM  |s A  |a 24  |w stu7929_0001